Top 100 Best Football Teams 2025 - Statistiques

Statistiques générales
  • Ce quiz a été pris 536 fois
  • Le résultat moyen est 19 sur 100
Statistiques - réponses
Pays Championnat Note Club % Correct
1 Italie Serie A 100 Inter Milan
94%
2 Espagne LaLiga 100 Real Madrid
93%
7 France Ligue 1 100 Paris Saint-Germain
75%
9 Italie Serie A 99 AC Milan
73%
8 Italie Serie A 99 Juventus
70%
4 Espagne LaLiga 100 Barcelona
68%
5 Allemagne Bundesliga 100 Bayer Leverkusen
64%
6 Italie Serie A 100 Napoli
59%
10 Espagne LaLiga 99 Atlético Madrid
58%
3 Allemagne Bundesliga 100 Bayern München
56%
16 Angleterre Premier League 98 Manchester City
54%
13 Angleterre Premier League 98 Liverpool
50%
46 Angleterre Premier League 93 Manchester United
48%
18 Angleterre Premier League 97 Arsenal
46%
17 Italie Serie A 98 AS Roma
43%
15 Allemagne Bundesliga 98 Borussia Dortmund
42%
40 Angleterre Premier League 95 Chelsea
42%
11 Italie Serie A 99 Atalanta
35%
14 Italie Serie A 98 Lazio Roma
34%
33 France Ligue 1 95 Olympique de Marseille
34%
45 France Ligue 1 94 Olympique Lyonnais
31%
19 Italie Serie A 97 Fiorentina
30%
32 France Ligue 1 95 AS Monaco
25%
27 Espagne LaLiga 96 Villarreal
23%
87 Portugal Liga NOS 90 Benfica
22%
12 Allemagne Bundesliga 99 RB Leipzig
22%
82 Brésil Brasileirão 91 Santos
22%
55 Angleterre Premier League 92 Aston Villa
21%
91 Pays-Bas Eredivisie 90 Ajax
20%
42 Brésil Brasileirão 94 Flamengo
20%
72 Turquie Süper Lig 91 Galatasaray
19%
23 Espagne LaLiga 96 Athletic Bilbao
18%
53 France Ligue 1 92 RC Lens
17%
30 Espagne LaLiga 95 Real Sociedad
17%
51 Espagne LaLiga 92 Sevilla
16%
25 Allemagne Bundesliga 96 Stuttgart
16%
24 Italie Serie A 96 Bologna
15%
21 Brésil Brasileirão 96 Palmeiras
15%
58 Belgique Pro League 92 Anderlecht
14%
37 Argentine Primera Division 95 Boca Juniors
14%
20 Brésil Brasileirão 97 Botafogo
14%
36 Brésil Brasileirão 95 Fluminense
14%
69 Turquie Süper Lig 92 Fenerbahçe
13%
63 France Ligue 1 92 OGC Nice
13%
56 Espagne LaLiga 92 Valencia
13%
52 Espagne LaLiga 92 Girona
12%
34 Espagne LaLiga 95 Real Betis
12%
60 France Ligue 1 92 Stade Rennais
12%
43 Allemagne Bundesliga 94 Wolfsburg
12%
50 Angleterre Premier League 92 Tottenham Hotspur
11%
64 Allemagne Bundesliga 92 Union Berlin
11%
61 Turquie Süper Lig 92 Beşiktaş
10%
74 Croatie Prva Liga 91 Dinamo Zagreb
10%
26 France Ligue 1 96 Lille OSC
10%
95 Pays-Bas Eredivisie 90 PSV Eindhoven
10%
88 France Ligue 1 90 Stade Brestois
10%
59 Italie Serie A 92 Genoa
9%
99 France Ligue 1 90 RC Strasbourg
9%
48 Allemagne Bundesliga 93 Borussia Mönchengladbach
8%
76 Angleterre Premier League 91 Bournemouth
8%
70 Angleterre Premier League 92 Crystal Palace
8%
94 Pays-Bas Eredivisie 90 Feyenoord Rotterdam
8%
39 Angleterre Premier League 95 Newcastle United
8%
57 Italie Serie A 92 Udinese
8%
65 Espagne LaLiga 92 Celta Vigo
7%
78 Angleterre Premier League 91 Fulham
7%
73 Espagne LaLiga 91 Getafe
7%
68 Italie Serie BKT 92 Sassuolo
7%
47 Brésil Brasileirão 93 Corinthians
6%
28 Allemagne Bundesliga 96 Eintracht Frankfurt
6%
89 Espagne LaLiga 90 Espanyol
6%
93 Angleterre Premier League 90 Nottingham Forest
6%
92 Angleterre Premier League 90 Brentford
5%
22 Mexique Liga MX 96 Club América
5%
49 Belgique Pro League 93 Club Brugge
5%
54 Belgique Pro League 92 Genk
5%
71 Allemagne Bundesliga 92 Hoffenheim
5%
86 Italie Serie A 90 Parma
5%
79 Espagne LaLiga 91 Rayo Vallecano
5%
67 Allemagne Bundesliga 92 Werder Bremen
5%
81 Angleterre Premier League 91 West Ham United
5%
97 Pays-Bas Eredivisie 90 AZ Alkmaar
4%
62 Angleterre Premier League 92 Brighton & Hove Albion
4%
66 Espagne LaLiga 92 Osasuna
4%
90 Portugal Liga NOS 90 Sporting CP
4%
29 Mexique Liga MX 95 Cruz Azul
3%
38 Brésil Brasileirão 95 Cruzeiro
3%
80 Croatie Prva Liga 91 Hajduk Split
3%
31 Argentine Primera Division 95 Independiente
3%
84 Allemagne 2. Liga 91 Köln
3%
77 Espagne LaLiga 91 Mallorca
3%
35 Italie Serie A 95 Torino FC
3%
98 Pays-Bas Eredivisie 90 Twente
3%
83 Italie Serie A 91 Empoli
2%
44 Allemagne Bundesliga 94 Mainz 05
2%
41 Allemagne Bundesliga 95 SC Freiburg
2%
96 Portugal Liga NOS 90 Sporting Braga
2%
85 Allemagne Bundesliga 91 FC Augsburg
1%
75 Croatie Prva Liga 91 HNK Rijeka
1%
100 Allemagne Bundesliga 90 FC St. Pauli
0%
Aucun quiz correspondant
Distribution des résultats
% des personnes avec chaque résultat
Percentile par nombre de réponses
Votre historique - résultats
Vous n’avez pas pris ce quiz